[Event "Plzen, JF C"]
[Site "?"]
[Date "1998.??.??"]
[Round "5"]
[White "Stehlik, J."]
[Black "Nold, M."]
[Result "1-0"]
[WhiteElo "2140"]
[BlackElo "2020"]
[PlyCount "87"]
[EventDate "1998.??.??"]
[Source "ChessBase"]
[SourceDate "1996.11.15"]

1. d4 Nf6 2. Nf3 g6 3. Nc3 d5 4. g3 e6 5. Bg2 Nbd7 6. O-O c5 7. e3 a6 8. a4 Qc7
9. Re1 b6 10. e4 dxe4 11. Nxe4 Nxe4 12. Rxe4 Nf6 13. Re1 Bb7 14. Bf4 Bd6 15.
Bxd6 Qxd6 16. dxc5 Qxd1 17. Raxd1 bxc5 18. Ne5 Bxg2 19. Kxg2 O-O 20. Nd7 Nxd7
21. Rxd7 Rfb8 22. Re5 Rc8 23. Rb7 Rc6 24. a5 Kf8 25. Re3 c4 26. Rf3 f5 27. Rxh7
Rd8 28. Rh8+ Ke7 29. Rxd8 Kxd8 30. Rc3 Kd7 31. Kf3 e5 32. g4 Kd6 33. gxf5 gxf5
34. b3 Kd5 35. Rxc4 Rh6 36. h4 f4 37. Kg4 Rg6+ 38. Kf5 Rg2 39. f3 Rh2 40. Re4
Rxh4 41. Rxe5+ Kd4 42. Re4+ Kc3 43. Rc4+ Kd2 44. Kg5 1-0

[Event "Plzen, JF C"]
[Site "?"]
[Date "1998.??.??"]
[Round "5"]
[White "Hercik, J."]
[Black "Marik, P."]
[Result "0-1"]
[WhiteElo "1870"]
[BlackElo "2060"]
[PlyCount "66"]
[EventDate "1998.??.??"]
[Source "ChessBase"]
[SourceDate "1996.11.15"]

1. e4 c5 2. Nc3 g6 3. f4 Bg7 4. Nf3 Nc6 5. Bc4 a6 6. d3 b5 7. Bb3 d6 8. a4 b4
9. Nd5 e6 10. Ne3 Nge7 11. Qe2 Bb7 12. Rb1 O-O 13. Bd2 Na5 14. O-O Qd7 15. g4
d5 16. e5 Nec6 17. g5 Ne7 18. Ng4 Nf5 19. Qf2 d4 20. h3 Nc6 21. Kh2 Kh8 22. Bc1
Qe7 23. Nd2 h5 24. gxh6 Bxh6 25. Nxh6 Nxh6 26. Ne4 Nf5 27. Nf6 Kg7 28. Rg1 Rh8
29. Rg4 Rh6 30. Ne4 Rah8 31. Ng5 Nxe5 32. fxe5 Qxg5 33. Qxf5 Rxh3+ 0-1

[Event "Plzen, JF C"]
[Site "?"]
[Date "1998.??.??"]
[Round "5"]
[White "Palkova, H."]
[Black "Sladek, J."]
[Result "1/2-1/2"]
[WhiteElo "2045"]
[BlackElo "1870"]
[PlyCount "21"]
[EventDate "1998.??.??"]
[Source "ChessBase"]
[SourceDate "1996.11.15"]

1. d4 d5 2. c4 e6 3. Nc3 Nf6 4. Bg5 Be7 5. e3 Nbd7 6. Nf3 h6 7. Bh4 O-O 8. Qc2
Re8 9. a3 c6 10. Bd3 a6 11. O-O 1/2-1/2

[Event "Plzen, JF C"]
[Site "?"]
[Date "1998.??.??"]
[Round "5"]
[White "Smid, J."]
[Black "Tenk, P."]
[Result "1-0"]
[WhiteElo "1910"]
[BlackElo "1835"]
[PlyCount "85"]
[EventDate "1998.??.??"]
[Source "ChessBase"]
[SourceDate "1996.11.15"]

1. Nc3 d5 2. d4 Nf6 3. Bg5 Bf5 4. f3 Nc6 5. Qd2 Qd7 6. Bxf6 exf6 7. e4 dxe4 8.
fxe4 Bg4 9. h3 Bh5 10. g4 Bg6 11. d5 O-O-O 12. Qe3 a6 13. dxc6 Qxc6 14. Bd3 Bc5
15. Qf3 b5 16. O-O-O Rhe8 17. Nge2 Re5 18. Nf4 Bd4 19. Ncd5 Qd6 20. c3 Bc5 21.
Bc2 Qc6 22. Nd3 Ree8 23. Nxc5 Qxc5 24. Rhe1 c6 25. Nf4 a5 26. Nxg6 fxg6 27.
Rxd8+ Kxd8 28. Qd3+ Kc7 29. Rd1 Qe7 30. Qg3+ Kb7 31. Qd3 Kc7 32. Qd4 c5 33. Qd5
Rd8 34. Qxd8+ Qxd8 35. Rxd8 Kxd8 36. Kd2 Ke7 37. a3 Kd6 38. b4 axb4 39. axb4 c4
40. Ke3 Ke5 41. h4 g5 42. h5 h6 43. Bb1 1-0

[Event "Plzen, JF C"]
[Site "?"]
[Date "1998.??.??"]
[Round "5"]
[White "Gruss, H."]
[Black "Kalista, K."]
[Result "1/2-1/2"]
[WhiteElo "1860"]
[BlackElo "1910"]
[PlyCount "150"]
[EventDate "1998.??.??"]
[Source "ChessBase"]
[SourceDate "1996.11.15"]

1. e4 e6 2. d4 d5 3. Nd2 Nf6 4. e5 Nfd7 5. Bd3 c5 6. c3 Nc6 7. Ne2 Qb6 8. Nf3
cxd4 9. cxd4 f6 10. exf6 Nxf6 11. O-O Bd6 12. Nc3 O-O 13. Re1 Bd7 14. Na4 Qc7
15. Nc3 Nb4 16. Bb1 a6 17. a3 Nc6 18. Qd3 Bf4 19. g3 Bxc1 20. Rxc1 g6 21. Re1
Rae8 22. Ba2 Bc8 23. Ng5 Qb6 24. Ne2 Ng4 25. f4 Nh6 26. Qb3 Qxb3 27. Bxb3 Nf5
28. Nf3 Bd7 29. Rac1 Na5 30. Ba2 Rc8 31. Rxc8 Rxc8 32. Nc3 Rc7 33. Kf2 Kg7 34.
Rd1 Nc4 35. Bxc4 Rxc4 36. Ne5 Rc7 37. Nxd7 Rxd7 38. Ne2 Rc7 39. Rd2 Nd6 40. Nc3
Nc4 41. Re2 Kf7 42. Na4 Na5 43. Nc5 Re7 44. Re3 h5 45. h3 Nc6 46. Rd3 Rc7 47.
Rd2 Nxd4 48. Nxa6 bxa6 49. Rxd4 Rc2+ 50. Kf3 Rxb2 51. Ra4 Rb3+ 52. Kf2 Rb6 53.
g4 hxg4 54. hxg4 Kf6 55. Ke3 e5 56. fxe5+ Kxe5 57. g5 Rb3+ 58. Kf2 Kf5 59. Rxa6
Kxg5 60. Ra5 Rd3 61. Ke2 Rd4 62. Ke3 Re4+ 63. Kd3 Kf4 64. Rxd5 Re3+ 65. Kd2
Rxa3 66. Ke2 Ra2+ 67. Kf1 g5 68. Rd1 g4 69. Kg1 Kg3 70. Rd3+ Kh4 71. Rb3 g3 72.
Rb8 Ra5 73. Rh8+ Rh5 74. Rg8 Kh3 75. Rg7 Rf5 1/2-1/2

[Event "Plzen, JF C"]
[Site "?"]
[Date "1998.??.??"]
[Round "5"]
[White "Snajdr, J."]
[Black "Foglar, S."]
[Result "1-0"]
[WhiteElo "2100"]
[BlackElo "2065"]
[PlyCount "107"]
[EventDate "1998.??.??"]
[Source "ChessBase"]
[SourceDate "1996.11.15"]

1. d4 Nf6 2. c4 c5 3. d5 e5 4. Nc3 d6 5. e4 Be7 6. h3 O-O 7. Bd3 Ne8 8. Qc2 Bg5
9. Nge2 Bxc1 10. Qxc1 g6 11. Qh6 Ng7 12. g4 Nd7 13. h4 Nf6 14. f3 Kh8 15. h5
Ng8 16. Qd2 g5 17. h6 Ne8 18. Ng3 f6 19. Nf5 Bxf5 20. exf5 Nc7 21. Ne4 a6 22.
a4 a5 23. Rh5 Na6 24. Qc3 Nb4 25. Bb1 Rf7 26. Kf2 Rd7 27. f4 gxf4 28. g5 fxg5
29. Nxg5 Nf6 30. Ne6 Qe7 31. Rg5 Rg8 32. Rxg8+ Kxg8 33. Qh3 Kh8 34. Ra3 Qf7 35.
Qh4 Ng8 36. Rh3 Qf6 37. Qh5 Re7 38. Be4 Na6 39. Rh1 Nb8 40. Ng7 Qf7 41. Qg5 Nd7
42. Rg1 Ndf6 43. Bc2 Ne8 44. Nxe8 Nxh6 45. Qxh6 Rxe8 46. Qxd6 Qe7 47. Qxe7 Rxe7
48. Kf3 h5 49. Rh1 Rh7 50. f6 Rh6 51. Ke4 Rxf6 52. Rxh5+ Kg7 53. Kxe5 f3 54.
Rh7+ 1-0

[Event "Plzen, JF C"]
[Site "?"]
[Date "1998.??.??"]
[Round "5"]
[White "Hajek, J."]
[Black "Jenc, M."]
[Result "1/2-1/2"]
[WhiteElo "2045"]
[BlackElo "1845"]
[PlyCount "100"]
[EventDate "1998.??.??"]
[Source "ChessBase"]
[SourceDate "1996.11.15"]

1. e4 c5 2. f4 d6 3. Nf3 Nc6 4. Bc4 e6 5. Nc3 a6 6. a4 Nge7 7. O-O d5 8. exd5
Nxd5 9. d3 Be7 10. Qe2 O-O 11. Qf2 Ndb4 12. Be3 b6 13. Na2 Nd5 14. Bd2 Qc7 15.
g3 Bb7 16. Rae1 Bf6 17. Bc3 Nxc3 18. Nxc3 Nd4 19. Ne4 Nxf3+ 20. Qxf3 Bd4+ 21.
Kg2 Kh8 22. c3 f5 23. cxd4 fxe4 24. dxe4 cxd4 25. Bxe6 Qc2+ 26. Rf2 Qxa4 27.
Bd5 Bxd5 28. exd5 Rad8 29. Re5 Rd6 30. Qe4 Qd1 31. Rc2 d3 32. Rf2 Rh6 33. Qe3
Kg8 34. Rd2 Qg4 35. Rg5 Qh3+ 36. Kg1 Rc8 37. Rf2 Kf7 38. Re5 Rc7 39. d6 Rxd6
40. f5 Rcd7 41. Rd2 Qg4 42. Re4 Qh5 43. Rh4 Qe2 44. Rxe2 dxe2 45. Qxe2 Rd1+ 46.
Kf2 R1d2 47. Rxh7 Rxe2+ 48. Kxe2 Rd5 49. Rh4 Rxf5 50. b4 a5 1/2-1/2

[Event "Plzen, JF C"]
[Site "?"]
[Date "1998.??.??"]
[Round "5"]
[White "Janke, G."]
[Black "Tsimafeyevas, S."]
[Result "0-1"]
[WhiteElo "2005"]
[BlackElo "2015"]
[PlyCount "100"]
[EventDate "1998.??.??"]
[Source "ChessBase"]
[SourceDate "1996.11.15"]

1. d4 Nf6 2. Nf3 d5 3. Bf4 e6 4. e3 Bd6 5. Bxd6 Qxd6 6. Nbd2 O-O 7. Bd3 b6 8.
Qe2 Nbd7 9. O-O e5 10. dxe5 Nxe5 11. Nxe5 Qxe5 12. Nf3 Qxb2 13. Rfb1 Qa3 14. h3
Qd6 15. c4 Be6 16. Rd1 c6 17. cxd5 cxd5 18. e4 Qf4 19. e5 Ne4 20. Bxe4 dxe4 21.
Nd2 Qxe5 22. Qxe4 Qxe4 23. Nxe4 h6 24. Nd6 Rfd8 25. Rd2 Kf8 26. Rad1 Ke7 27.
Kh2 g6 28. Kg3 Bxa2 29. Re1+ Be6 30. Red1 Rd7 31. Kf4 Rad8 32. Ne4 Rxd2 33.
Rxd2 Rxd2 34. Nxd2 b5 35. Ke3 Bd5 36. g3 a5 37. Kd4 Kd6 38. Kc3 Kc5 39. Nb1 b4+
40. Kb2 a4 41. h4 Kd4 42. f4 a3+ 43. Ka1 Kd3 44. g4 Ke3 45. f5 Be4 46. Nxa3
bxa3 47. fxg6 fxg6 48. g5 hxg5 49. hxg5 Kf4 50. Ka2 Kxg5 0-1

[Event "Plzen, JF C"]
[Site "?"]
[Date "1998.??.??"]
[Round "5"]
[White "Voehringer, A."]
[Black "Vojir, V jn"]
[Result "1/2-1/2"]
[WhiteElo "2010"]
[BlackElo "1800"]
[PlyCount "59"]
[EventDate "1998.??.??"]
[Source "ChessBase"]
[SourceDate "1996.11.15"]

1. e4 c6 2. d4 d5 3. Nd2 dxe4 4. Nxe4 Bf5 5. Ng3 Bg6 6. Nf3 Nd7 7. Bd3 Bxd3 8.
Qxd3 Ngf6 9. O-O e6 10. Bg5 Qc7 11. a3 Bd6 12. b4 O-O 13. Rfe1 h6 14. Bc1 Rfd8
15. Bb2 Rac8 16. c4 b6 17. Rad1 a5 18. Qc3 Ra8 19. Ne4 axb4 20. axb4 Nxe4 21.
Rxe4 Nf6 22. Rh4 Qe7 23. c5 bxc5 24. dxc5 Bxh2+ 25. Kxh2 Rxd1 26. Ne5 Nd5 27.
Qg3 Qg5 28. Rg4 Qh5+ 29. Rh4 Qg5 30. Rg4 1/2-1/2

[Event "Plzen, JF C"]
[Site "?"]
[Date "1998.??.??"]
[Round "5"]
[White "Straka, Z."]
[Black "Vojir, V sn"]
[Result "1-0"]
[WhiteElo "1915"]
[BlackElo "1815"]
[PlyCount "63"]
[EventDate "1998.??.??"]
[Source "ChessBase"]
[SourceDate "1996.11.15"]

1. d4 Nf6 2. Nf3 e6 3. Bg5 Be7 4. Nbd2 d5 5. e3 Nbd7 6. Bd3 c6 7. O-O O-O 8.
Ne5 c5 9. c3 Re8 10. f4 g6 11. Rf3 c4 12. Bc2 Kg7 13. Rh3 Ng8 14. Nxf7 Kxf7 15.
Rxh7+ Kf8 16. Bxg6 Ngf6 17. Bh6+ Kg8 18. Rg7+ Kh8 19. Bxe8 Qxe8 20. Rg3 Bf8 21.
Bxf8 Nxf8 22. Nf3 a5 23. Ne5 b5 24. Rh3+ N8h7 25. g4 Ra7 26. g5 Rg7 27. Kh1 Ne4
28. Qf3 Kg8 29. Rg1 b4 30. Rg4 Nhxg5 31. fxg5 Nxg5 32. Qg2 1-0

[Event "Plzen, JF C"]
[Site "?"]
[Date "1998.??.??"]
[Round "6"]
[White "Mirumian, V."]
[Black "Kozlov, O."]
[Result "1-0"]
[WhiteElo "2470"]
[BlackElo "2410"]
[PlyCount "77"]
[EventDate "1998.??.??"]
[Source "ChessBase"]
[SourceDate "1996.11.15"]

1. Nf3 Nf6 2. g3 d5 3. Bg2 e6 4. O-O Be7 5. d3 b6 6. Nfd2 Bb7 7. e4 Nbd7 8. Qe2
dxe4 9. dxe4 Rc8 10. Rd1 e5 11. b3 O-O 12. Bb2 Ba6 13. c4 c6 14. a3 Qc7 15. Nf3
Rfe8 16. b4 Bf8 17. Nc3 g6 18. Rac1 Rcd8 19. b5 Bb7 20. bxc6 Qxc6 21. Nd5 Bg7
22. Bh3 Ba6 23. Qe3 Qb7 24. Bg2 Rc8 25. Bh3 Rxc4 26. Rxc4 Bxc4 27. Nxf6+ Nxf6
28. Nxe5 b5 29. Bg2 Be6 30. h3 a5 31. Nd3 Qb8 32. Re1 Bc4 33. Ba1 Qc8 34. Nf4
Qd7 35. e5 Qc7 36. Qc1 Qe7 37. Bc3 Nd7 38. Qb2 Nc5 39. Bxa5 {necitelny zapis}
1-0

[Event "Plzen, JF C"]
[Site "?"]
[Date "1998.??.??"]
[Round "6"]
[White "Kuljabin, V."]
[Black "Zimmerman, Y."]
[Result "0-1"]
[WhiteElo "2420"]
[BlackElo "2340"]
[PlyCount "69"]
[EventDate "1998.??.??"]
[Source "ChessBase"]
[SourceDate "1996.11.15"]

1. c4 Nf6 2. Nc3 g6 3. g3 Bg7 4. Bg2 O-O 5. e4 d6 6. Nge2 e5 7. d3 c6 8. O-O a6
9. b3 b5 10. Ba3 c5 11. Bb2 b4 12. Nd5 Nc6 13. h3 Be6 14. Kh2 Nd7 15. Qd2 a5
16. a4 Nd4 17. Qd1 Ra7 18. Bc1 Bxd5 19. cxd5 f5 20. Ng1 fxe4 21. Bxe4 Nb6 22.
Be3 Nf5 23. Qf3 Qe8 24. Qg2 Qf7 25. g4 Ne7 26. Nf3 Nexd5 27. Ng5 Nxe3 28. fxe3
Qe7 29. Bd5+ Nxd5 30. Qxd5+ Kh8 31. Ne4 Rd7 32. Kg2 Re8 33. Rf3 Qe6 34. Qxe6
Rxe6 35. Raf1 {partie dale necitelna} 0-1

[Event "Plzen, JF C"]
[Site "?"]
[Date "1998.??.??"]
[Round "6"]
[White "Suran, J."]
[Black "Hallerova, E."]
[Result "1-0"]
[WhiteElo "2295"]
[BlackElo "2145"]
[PlyCount "77"]
[EventDate "1998.??.??"]
[Source "ChessBase"]
[SourceDate "1996.11.15"]

1. e4 Nf6 2. e5 Nd5 3. d4 d6 4. Nf3 Bg4 5. Be2 e6 6. O-O Be7 7. c4 Nb6 8. exd6
cxd6 9. Nc3 O-O 10. h3 Bh5 11. b3 d5 12. c5 N6d7 13. Be3 Nc6 14. Qd2 Bf6 15.
Rfd1 b6 16. cxb6 Qxb6 17. Ne5 Ndxe5 18. dxe5 d4 19. exf6 dxe3 20. Qxe3 Qxe3 21.
fxe3 Bxe2 22. fxg7 Kxg7 23. Nxe2 Rfd8 24. Kf2 Rac8 25. Nf4 Nb4 26. a3 Nc2 27.
Rac1 Rxd1 28. Rxd1 Nxa3 29. Rd7 e5 30. Nh5+ Kg6 31. g4 f5 32. Rxa7 fxg4 33.
hxg4 Nc2 34. Rg7+ Kh6 35. Re7 Rc5 36. Kf3 Kg6 37. Rg7+ Kh6 38. Rg8 Rc3 39. Nf6
1-0

[Event "Plzen, JF C"]
[Site "?"]
[Date "1998.??.??"]
[Round "6"]
[White "Rybak, M."]
[Black "Novacek, K."]
[Result "1-0"]
[WhiteElo "2280"]
[BlackElo "2095"]
[PlyCount "105"]
[EventDate "1998.??.??"]
[Source "ChessBase"]
[SourceDate "1996.11.15"]

1. e4 c5 2. c3 d5 3. exd5 Qxd5 4. d4 Bf5 5. Nf3 Bxb1 6. Rxb1 cxd4 7. Nxd4 e5 8.
Qa4+ Nd7 9. Nb5 Qc6 10. Be3 Ngf6 11. Rd1 Be7 12. Nd6+ Bxd6 13. Qxc6 bxc6 14.
Rxd6 c5 15. Rc6 Ke7 16. Bxc5+ Nxc5 17. Rxc5 Kd6 18. Ra5 Rhb8 19. b3 Rc8 20.
Ra6+ Rc6 21. Rxc6+ Kxc6 22. g3 Rd8 23. Bg2+ Kc5 24. Ke2 a5 25. Rc1 Rd6 26. h3
Nd7 27. Rd1 Rxd1 28. Kxd1 f5 29. Kd2 g5 30. Bf1 Nf6 31. Bd3 e4 32. Be2 Nd5 33.
Bc4 Ne7 34. Ke3 Kd6 35. b4 a4 36. a3 Ke5 37. f4+ exf3 38. Kxf3 h5 39. Bf7 h4
40. gxh4 gxh4 41. Be8 Nd5 42. Bxa4 Nf4 43. Bc6 Nxh3 44. a4 Ng5+ 45. Kg2 Kd6 46.
Ba8 Kc7 47. a5 Kb8 48. Bd5 Ka7 49. b5 Ne4 50. c4 Ng5 51. c5 Ne4 52. c6 Nd6 53.
c7 1-0

[Event "Plzen, JF C"]
[Site "?"]
[Date "1998.??.??"]
[Round "6"]
[White "Papapostoulou, C."]
[Black "Pfriender, H."]
[Result "1-0"]
[WhiteElo "2180"]
[BlackElo "2010"]
[PlyCount "47"]
[EventDate "1998.??.??"]
[Source "ChessBase"]
[SourceDate "1996.11.15"]

1. e4 d5 2. exd5 Qxd5 3. Nc3 Qa5 4. d4 Nf6 5. Bc4 c6 6. Nge2 Bg4 7. f3 Bh5 8.
Bd2 Qd8 9. Bg5 Nbd7 10. Qd2 e6 11. Nf4 Qa5 12. h4 e5 13. Bxf6 Nxf6 14. Nxh5
Nxh5 15. Qg5 Bb4 16. O-O-O exd4 17. Rhe1+ Kf8 18. Re5 Qxe5 19. Qxe5 dxc3 20.
Qxh5 cxb2+ 21. Kb1 g6 22. Qe5 Rg8 23. Qf6 Rg7 24. Rd8+ 1-0

[Event "Plzen, JF C"]
[Site "?"]
[Date "1998.??.??"]
[Round "6"]
[White "Orsag, M."]
[Black "Krischke, A."]
[Result "1-0"]
[WhiteElo "2140"]
[BlackElo "2165"]
[PlyCount "85"]
[EventDate "1998.??.??"]
[Source "ChessBase"]
[SourceDate "1996.11.15"]

1. e4 c6 2. Nc3 d5 3. g3 dxe4 4. Nxe4 Nf6 5. Bg2 Bf5 6. Nxf6+ gxf6 7. d4 e6 8.
Nf3 Nd7 9. O-O Qc7 10. Bf4 Bd6 11. Bxd6 Qxd6 12. Nh4 Bg6 13. c4 O-O-O 14. c5
Qc7 15. b4 f5 16. f4 Nf6 17. Rc1 Rd7 18. Bf3 Rhd8 19. Rc4 Nd5 20. Re1 Re7 21.
Ng2 f6 22. Qa1 Bf7 23. Bxd5 exd5 24. Rcc1 Rde8 25. Rxe7 Qxe7 26. Re1 Qd7 27.
Rxe8+ Qxe8 28. Qe1 Qe4 29. Qxe4 fxe4 30. Ne3 Be6 31. f5 Bd7 32. a4 Kd8 33. g4
b6 34. cxb6 axb6 35. a5 bxa5 36. bxa5 Kc7 37. Kf2 Kd6 38. a6 Kc7 39. g5 fxg5
40. f6 Be6 41. Nf5 h5 42. Nd6 g4 43. a7 1-0

[Event "Plzen, JF C"]
[Site "?"]
[Date "1998.??.??"]
[Round "6"]
[White "Eretova, J."]
[Black "Stehlik, J."]
[Result "1-0"]
[WhiteElo "2155"]
[BlackElo "2140"]
[PlyCount "121"]
[EventDate "1998.??.??"]
[Source "ChessBase"]
[SourceDate "1996.11.15"]

1. e4 c5 2. Nf3 Nc6 3. d3 g6 4. g3 Bg7 5. Bg2 d6 6. O-O e6 7. Nbd2 Nge7 8. Re1
O-O 9. a4 Rb8 10. h4 a6 11. h5 e5 12. Nc4 b5 13. h6 Bh8 14. axb5 axb5 15. Ne3
f6 16. Nh2 Be6 17. c3 Qd7 18. Nd5 Nd8 19. Nxe7+ Qxe7 20. Nf3 Nf7 21. d4 g5 22.
b4 cxb4 23. cxb4 Nxh6 24. d5 Bg4 25. Qd3 Qb7 26. Ra5 Bd7 27. Be3 Ra8 28. Rea1
Rxa5 29. Rxa5 Ra8 30. Qa3 Rxa5 31. Qxa5 Nf7 32. Bf1 Bg7 33. Bb6 f5 34. Bxb5
fxe4 35. Ba6 Qa8 36. Nd2 Bf5 37. Bc7 g4 38. Nc4 Ng5 39. Qb5 Nf3+ 40. Kf1 Nd4
41. Qb8+ Qxb8 42. Bxb8 Bd7 43. Bxd6 Bb5 44. Bxb5 Nxb5 45. Bxe5 Bxe5 46. Nxe5 h5
47. Nc4 Kf7 48. d6 Ke6 49. Ke2 Nd4+ 50. Ke3 Nc2+ 51. Kxe4 Nxb4 52. Kf4 Nd3+ 53.
Kg5 Nxf2 54. Kxh5 Kd7 55. Kg5 Ke6 56. Kf4 Kd7 57. Kf5 Kd8 58. Ne5 Ke8 59. Ke6
Ne4 60. d7+ Kd8 61. Nf7+ 1-0

[Event "Plzen, JF C"]
[Site "?"]
[Date "1998.??.??"]
[Round "6"]
[White "Hroch, J."]
[Black "Piza, V."]
[Result "1/2-1/2"]
[WhiteElo "2035"]
[BlackElo "2305"]
[PlyCount "133"]
[EventDate "1998.??.??"]
[Source "ChessBase"]
[SourceDate "1996.11.15"]

1. e4 c5 2. Nc3 d6 3. g3 g6 4. Bg2 Bg7 5. d3 Nc6 6. Be3 e6 7. Nge2 Nd4 8. O-O
Ne7 9. Qd2 O-O 10. Nd1 Nxe2+ 11. Qxe2 b6 12. f4 Rb8 13. Rb1 f5 14. Bd2 d5 15.
Nf2 b5 16. g4 Rf7 17. gxf5 exf5 18. Nh3 h6 19. e5 d4 20. b4 Be6 21. bxc5 Nd5
22. Qf2 Bf8 23. Qxd4 Qc8 24. Qf2 Bxc5 25. d4 Bf8 26. Qg3 Kh7 27. c3 Qc4 28. Rb2
Ba3 29. Rb3 Bf8 30. Rfb1 Qa4 31. Qd3 a6 32. R3b2 Rc8 33. Qc2 Qxc2 34. Rxc2 Rfc7
35. Bxd5 Bxd5 36. Nf2 Rc4 37. Rcb2 Ra4 38. Ra1 Ba3 39. Rbb1 b4 40. Nd1 Be4 41.
Rb3 Bc2 42. Ne3 Bxb3 43. axb3 Ra5 44. c4 g5 45. fxg5 f4 46. Nf5 hxg5 47. Nd6
Rd8 48. c5 Kg6 49. Kg2 Rb5 50. Kf3 Rbb8 51. c6 Rh8 52. c7 Rbc8 53. Nxc8 Rxc8
54. d5 Rxc7 55. d6 Rc5 56. Re1 Kf7 57. e6+ Ke8 58. h4 Rd5 59. d7+ Ke7 60. Re2
a5 61. hxg5 a4 62. bxa4 b3 63. Bxf4 b2 64. Re1 Bb4 65. Rb1 Kxe6 66. Rxb2 Be7
67. Rb7 1/2-1/2

[Event "Plzen, JF C"]
[Site "?"]
[Date "1998.??.??"]
[Round "6"]
[White "Marik, P."]
[Black "Steppuhn, T."]
[Result "1-0"]
[WhiteElo "2060"]
[BlackElo "2160"]
[PlyCount "51"]
[EventDate "1998.??.??"]
[Source "ChessBase"]
[SourceDate "1996.11.15"]

1. e4 e6 2. d4 b6 3. Bd3 Bb7 4. Nf3 c5 5. c3 cxd4 6. cxd4 Nc6 7. O-O Nb4 8. Nc3
Nxd3 9. Qxd3 d6 10. Ng5 a6 11. f4 Be7 12. d5 h6 13. dxe6 hxg5 14. exf7+ Kxf7
15. fxg5+ Nf6 16. Nd5 Ke6 17. gxf6 gxf6 18. Be3 Bxd5 19. Qxd5+ Kd7 20. Rac1 Rb8
21. Bd4 Rf8 22. Rc6 Ke8 23. Rfc1 Qd7 24. Rc7 Qg4 25. h3 Qg8 26. Rxe7+ 1-0

[Event "Plzen, JF C"]
[Site "?"]
[Date "1998.??.??"]
[Round "6"]
[White "Smid, J."]
[Black "Snaidr, J."]
[Result "0-1"]
[WhiteElo "1910"]
[BlackElo "2100"]
[PlyCount "86"]
[EventDate "1998.??.??"]
[Source "ChessBase"]
[SourceDate "1996.11.15"]

1. Nc3 c5 2. e4 Nc6 3. f4 e6 4. Nf3 Be7 5. b3 Nf6 6. Bb2 d5 7. e5 Ng8 8. d4 Nh6
9. Na4 b6 10. dxc5 bxc5 11. c4 Nf5 12. Bd3 dxc4 13. Bxf5 Qxd1+ 14. Rxd1 exf5
15. bxc4 Be6 16. Nd2 O-O 17. Bc3 Nb4 18. Bxb4 cxb4 19. Nb2 Rac8 20. Rc1 Bc5 21.
Ke2 Bd4 22. Nd1 Rfd8 23. Rf1 Rc6 24. Rf3 Rdc8 25. Rd3 Bb6 26. Ne3 Bxe3 27. Kxe3
Kf8 28. Rd4 Ke7 29. Kd3 Ra6 30. Rc2 Ra3+ 31. Nb3 a5 32. Kd2 a4 33. Nc1 b3 34.
Rb2 Bxc4 35. axb3 axb3 36. Kc3 Be6+ 37. Kb4 Ra7 38. Nxb3 Rb7+ 39. Ka3 Rcb8 40.
Na5 Rxb2 41. Nc6+ Ke8 42. Nxb8 Rxb8 43. g3 h5 0-1

[Event "Plzen, JF C"]
[Site "?"]
[Date "1998.??.??"]
[Round "6"]
[White "Kalista, K."]
[Black "Palkova, H."]
[Result "1/2-1/2"]
[WhiteElo "1910"]
[BlackElo "2045"]
[PlyCount "89"]
[EventDate "1998.??.??"]
[Source "ChessBase"]
[SourceDate "1996.11.15"]

1. Nf3 Nf6 2. c4 c5 3. Nc3 Nc6 4. d4 cxd4 5. Nxd4 a6 6. g3 g6 7. Bg2 Bg7 8. O-O
O-O 9. e3 Ne5 10. b3 d6 11. Bb2 Rb8 12. Qd2 Bd7 13. Rfd1 Bg4 14. f3 Bd7 15. Kh1
h5 16. Nde2 Bh6 17. Nf4 Bc6 18. Nfd5 Nxd5 19. Nxd5 e6 20. f4 exd5 21. cxd5 Bd7
22. fxe5 Bg4 23. Rf1 Qd7 24. exd6 Qxd6 25. Qd4 Kh7 26. a4 Rbd8 27. Ba3 Bg7 28.
Qxg7+ Kxg7 29. Bxd6 Rxd6 30. e4 Re8 31. Rac1 Re7 32. Rf2 Rb6 33. h3 Bd7 34. Rc3
Kf8 35. Rd3 Re5 36. h4 Bg4 37. Kh2 Ke8 38. Rc2 Kd7 39. Rdc3 Kd6 40. Rf2 f5 41.
exf5 Rxf5 42. Kg1 Rb4 43. Re3 Rxf2 44. Kxf2 Rd4 45. Be4 1/2-1/2

[Event "Plzen, JF C"]
[Site "?"]
[Date "1998.??.??"]
[Round "6"]
[White "Sladek, J."]
[Black "Mitzka, F."]
[Result "0-1"]
[WhiteElo "1870"]
[BlackElo "2035"]
[PlyCount "81"]
[EventDate "1998.??.??"]
[Source "ChessBase"]
[SourceDate "1996.11.15"]

1. e4 e5 2. Nf3 Nc6 3. Bc4 Nf6 4. O-O Be7 5. d3 d6 6. h3 a6 7. Re1 O-O 8. Nbd2
b5 9. Bb3 Na5 10. Nf1 c5 11. Ng3 Qc7 12. c4 h6 13. Bd2 Be6 14. Qc1 Nh7 15. Qc3
Nc6 16. cxb5 axb5 17. Rec1 Qd7 18. Bxe6 Qxe6 19. b3 Ra3 20. Qb2 Rfa8 21. Rcb1
Nf8 22. Nf5 Ng6 23. g4 Nd4 24. N3xd4 exd4 25. Bc1 Bg5 26. Bxg5 hxg5 27. Qd2 Ne5
28. Kg2 f6 29. Rh1 Ng6 30. h4 gxh4 31. Kf3 Ne5+ 32. Kg2 g5 33. f3 Ng6 34. Nh6+
Kf8 35. Nf5 Qe5 36. Kf2 Qf4 37. Qe2 Ne5 38. Nxd6 Nxg4+ 39. Ke1 Qg3+ 40. Kd1
Ne3+ 41. Kd2 0-1

[Event "Plzen, JF C"]
[Site "?"]
[Date "1998.??.??"]
[Round "6"]
[White "Tsimafeyevas, S."]
[Black "Hercik, J."]
[Result "1/2-1/2"]
[WhiteElo "2015"]
[BlackElo "1870"]
[PlyCount "119"]
[EventDate "1998.??.??"]
[Source "ChessBase"]
[SourceDate "1996.11.15"]

1. d4 Nf6 2. Nf3 d5 3. c4 c6 4. Nc3 e6 5. Bg5 Be7 6. e3 Nbd7 7. cxd5 exd5 8.
Bd3 O-O 9. O-O Re8 10. Qc2 h6 11. Bh4 Ne4 12. Bxe7 Qxe7 13. Rfe1 f5 14. Nd2 Qg5
15. Nf1 Ndf6 16. f3 Nd6 17. Rad1 Bd7 18. Qf2 Re7 19. Ne2 h5 20. h4 Qg6 21. Nf4
Qf7 22. Qg3 Nc4 23. b3 Nb2 24. Rd2 Nxd3 25. Rxd3 Kh7 26. Nh3 Qf8 27. Ng5+ Kg8
28. Qf4 Qb8 29. Nh3 Qxf4 30. Nxf4 Kf7 31. Rc3 g6 32. Nd3 Be8 33. Ne5+ Kg7 34.
Nh2 Nd7 35. Nxd7 Bxd7 36. f4 a5 37. a3 b5 38. b4 a4 39. Nf3 Rc8 40. Ne5 Be8 41.
Rec1 Rec7 42. Rc5 Kf6 43. Kf2 Ke6 44. R1c2 Kd6 45. Nd3 Re7 46. Nc1 Rb8 47. Ne2
Rb6 48. Nc3 Bf7 49. Ke2 Rc7 50. Kd3 Kd7 51. Rf2 Kd6 52. Nb1 Rb8 53. Nd2 Rg8 54.
Nf3 Rgc8 55. Ne5 Ke6 56. Rf3 Kf6 57. Rg3 Kg7 58. Kd2 Kf6 59. Rc1 Kg7 60. Rg5
1/2-1/2

[Event "Plzen, JF C"]
[Site "?"]
[Date "1998.??.??"]
[Round "6"]
[White "Gruss, H."]
[Black "Bantle, M."]
[Result "1/2-1/2"]
[WhiteElo "1860"]
[BlackElo "2040"]
[PlyCount "37"]
[EventDate "1998.??.??"]
[Source "ChessBase"]
[SourceDate "1996.11.15"]

1. e4 e6 2. d4 b6 3. Nf3 Bb7 4. Bd3 c5 5. c3 cxd4 6. cxd4 Nc6 7. Nc3 Nb4 8. Be2
Be7 9. a3 Na6 10. O-O Nf6 11. Bd3 Nc7 12. Qe2 d6 13. Bg5 O-O 14. Rac1 Nfe8 15.
Bxe7 Qxe7 16. Rfe1 e5 17. Qe3 Nf6 18. d5 h6 19. Ne2 1/2-1/2

[Event "Plzen, JF C"]
[Site "?"]
[Date "1998.??.??"]
[Round "6"]
[White "Nold, M."]
[Black "Voehringer, A."]
[Result "1/2-1/2"]
[WhiteElo "2020"]
[BlackElo "2010"]
[PlyCount "48"]
[EventDate "1998.??.??"]
[Source "ChessBase"]
[SourceDate "1996.11.15"]

1. e4 e6 2. d4 d5 3. e5 c5 4. c3 Nc6 5. Nf3 Qb6 6. a3 c4 7. Nbd2 f6 8. Be2 fxe5
9. Nxe5 Nxe5 10. dxe5 Nh6 11. Nf3 Ng4 12. O-O Bc5 13. Nd4 Nxe5 14. Bf4 Nf7 15.
Bh5 g6 16. Bg4 Bd7 17. Nxe6 Bxe6 18. Bxe6 Qxe6 19. Re1 Qxe1+ 20. Qxe1+ Kd7 21.
Qd1 Kc6 22. Qa4+ Kb6 23. Qd7 Rhf8 24. Bc7+ Ka6 1/2-1/2

[Event "Plzen, JF C"]
[Site "?"]
[Date "1998.??.??"]
[Round "6"]
[White "Tenk, P."]
[Black "Hajek, J."]
[Result "0-1"]
[WhiteElo "1835"]
[BlackElo "2045"]
[PlyCount "50"]
[EventDate "1998.??.??"]
[Source "ChessBase"]
[SourceDate "1996.11.15"]

1. d4 Nf6 2. Nf3 g6 3. c4 c5 4. d5 b5 5. cxb5 a6 6. bxa6 Bxa6 7. e3 Bxf1 8.
Kxf1 d6 9. g3 Bg7 10. Kg2 O-O 11. Nc3 Nbd7 12. Nd2 Ra6 13. Nc4 Qa8 14. e4 Rb8
15. Qc2 Rb4 16. Qd3 Nb6 17. Nxb6 Raxb6 18. Re1 Nd7 19. f4 c4 20. Qd1 Nc5 21.
Re2 Nd3 22. a3 Rb3 23. Rc2 Nxb2 24. Qd2 Rxc3 25. Rxc3 Na4 0-1